000 00462nam a2200157Ia 4500
999 _c8943
_d8943
003 OSt
005 20200826151344.0
008 190216s9999||||xx |||||||||||||| ||und||
040 _coclc
082 _a658.84
_bUNN/I
100 _aUnnikrishnan, M K
_94364
245 0 _aInternet E- Commerce M- Commerce /
_cM K Unnikrishnan
260 _bKairali Books,
_aKottayam:
_c2006.
300 _a110p
942 _cBK
_2ddc
_h658.84
_iUNN/I
_k658.84
_mUNN/I